000 00652 a2200193 4500
999 _c2697
_d2697
020 _a084237342X
050 0 0 _aHQ 734 ROS 2003
100 1 _aRosberg, Gary
_d1952-
_eauthor
245 1 4 _aThe Divorce-proofing America's marriages campaign presents:
_bDiscover the love of your life all over again /
_cby Gary and Barbara Rosberg.
264 _aWheaton:
_bTyndale House Publishers,
_c2003
300 _axi, 164 p.
500 _aincludes bib
650 0 _aMarriage
650 0 _aCommunication in marriage
650 0 _aInterpersonal relations
700 1 _aRosberg, Barbara
_eauthor
942 _2lcc
_cBK
_h759
_iROS
_kHQ